| 000 | 01144nam a2200337 i 4500 | ||
|---|---|---|---|
| 001 | 8884 | ||
| 003 | KOSZ 005 | ||
| 005 | 20200127083617.0 | ||
| 008 | 070708s1970 pl a f f 000 0 pol | ||
| 015 | _aPB 1970/4897 | ||
| 040 |
_aWA N _cWA N _dKOSZ 005/RW _dKOSZ 005/HR |
||
| 046 | _k1970 | ||
| 080 | _a621.56/.59 | ||
| 080 | _a(075.3) | ||
| 100 | 1 |
_aSzolc, Tadeusz _d(?-2004). _eAutor |
|
| 245 | 1 | 0 |
_aChłodnictwo / _cTadeusz Szolc. |
| 260 |
_a[Warszawa] : _bPaństwowe Wydawnictwa Szkolnictwa Zawodowego, _c1970. |
||
| 300 |
_a557, [2] s., [3] k. tabl. : _bil. ; _c23 cm. |
||
| 380 | _aKsiążki. | ||
| 380 | _aPublikacje dydaktyczne | ||
| 385 |
_mPoziom nauczania _aSzkoły zawodowe |
||
| 388 | _a1901-2000 | ||
| 504 | _aBibliogr. s. [559]. | ||
| 521 | 8 | _aDla kl. IV i V tech. mech. | |
| 650 | 4 | _aChłodnictwo | |
| 658 | _aInżynieria i technika | ||
| 655 | 4 | _aPodręczniki dla szkół zawodowych | |
| 710 | 2 |
_aPaństwowe Wydawnictwa Szkolnictwa Zawodowego _4pbl. |
|
| 856 |
_uhttp://koha.tu.koszalin.pl/cgi-bin/koha/opac-detail.pl?biblionumber=8884 _yKatalog online BPK |
||
| 942 |
_2UKD _cKS |
||
| 999 |
_c8884 _d8884 |
||